ბათუმის შოთა რუსთაველის სახელმწიფო უნივერსიტეტის ბიბლიოთეკა

ბუღალტრული აღრიცხვა: (ბიბ.ჩანაწერი № 34595)

000 -ლიდერი
ფიქსირებული სიგრძის საკონტროლო ველი 01356nam a2200253Ia 4500
001 - საკონტროლო ნომერი
საკონტროლო ველი 356
003 - საკონტროლო ნომრის იდენტიფიკატორი
საკონტროლო ველი GE_BSU
005 - ბოლო ოპერაციის თარიღი და დრო
საკონტროლო ველი 20240604160736.0
008 - ფიქსირებული სიგრძის მონაცემთა ელემენტები - ზოგადი ინფორმაცია
ფიქსირებული სიგრძის საკონტროლო ველი 181216s2010||||ge |||||||||||||| ||geo||
020 ## - წიგნის საერთაშორისო სტანდარტული ნომერი
International Standard Book Number 9994046772
040 ## - კატალოგიზაციის წყარო
Transcribing agency GE_BSU
041 ## - ენის კოდი
Language code of text/sound track or separate title geo
080 ## - უნივერსალური ათობითი კლასიფიკაციის ინდექსი
Universal Decimal Classification number 657.2(075.8) ბ-98
100 ## - მთავარი ჩანაწერი - პიროვნების სახელი
Personal name ხორავა ა. და სხვა
9 (RLIN) 22322
245 ## - ცნობა სათაურის შესახებ
Title ბუღალტრული აღრიცხვა:
Remainder of title თეორია ფინანსური აღრიცხვა ბუღალტრული აღრიცხვის საერთაშორისო სტანდარტებით /
Statement of responsibility, etc ხორავა ა.და სხვა; რედ რევაზ ძაძამია
250 ## - გამოცემის ცნობა
Edition statement მე-4 გამოცემა
264 ## - წარმოების, გამოცემის, დისტრიბუციის და სხვა ცნობები
გამოცემის, წარმოების, დისტრიბუციის... ადგილი თბილისი :
გამოცემის, წარმოების, დისტრიბუციის... სახელწოდება მერიდიანი,
გამოცემის, წარმოების, დისტრიბუციის... თარიღი 2010.
300 ## - ფიზიკური აღწერა
Extent 638 გვ.:
Other physical details ცხრ;
Dimensions 28 სმ.
653 ## - INDEX TERM--UNCONTROLLED
Uncontrolled term ბუღალტრული აღრიცხვა.
653 ## - INDEX TERM--UNCONTROLLED
Uncontrolled term თეორია.ფინანსური აღრიცხვა.ბუღალტრული აღრიცხვის საერთაშორისო სტანდარტებით
653 ## - INDEX TERM--UNCONTROLLED
Uncontrolled term ბუღალტერია
700 ## - ADDED ENTRY--PERSONAL NAME
Personal name ძაძამია, რევაზ
Relator term რედაქტორი
9 (RLIN) 885
942 ## - ADDED ENTRY ELEMENTS (KOHA)
Koha item type წიგნი
Source of classification or shelving scheme
ეგზემპლარები
ჩამოწერის სტატუსი დაკარგული ეგზემპლარის სტატუსი კლასიფიკაციის წყარო ან თაროზე გაწყობის სქემა დაზიანების სტატუსი არ გაიცემა მუდმივი მდებარეობა (დაცვის ადგილი) ამჟამინდელი ადგილსამყოფელი თაროზე განთავსების ადგილი შეძენის თარიღი ღირებულება, შესყიდვის ნორმალური ფასი სრული შენახვის შიფრი შტრიხკოდი ბოლო ოპერაციის თარიღი ეგზემპლარის მიმდევრობითი ნომერი (კეტერი?) ფასის ძალაში შესვლის თარიღი ეგზემპლარის სახეობა საჯარო შენიშვნა
          ბათუმის შოთა რუსთაველის სახელმწიფო უნივერსიტეტის მთავარი ბიბლიოთეკა ბათუმის შოთა რუსთაველის სახელმწიფო უნივერსიტეტის მთავარი ბიბლიოთეკა წიგნსაცავი 2018-12-17 40.00 657.2(075.8) ბ-98 2185 2018-12-17 2185 2018-12-17 წიგნი 40.00